Agrarian revolution : (Record no. 95603)

MARC details
000 -LEADER
fixed length control field 00793nam a2200217 i 4500
005 - DATE AND TIME OF LATEST TRANSACTION
control field 20230120131318.0
008 - FIXED-LENGTH DATA ELEMENTS--GENERAL INFORMATION
fixed length control field
040 ## - CATALOGING SOURCE
Transcribing agency NUST
049 ## - LOCAL HOLDINGS (OCLC)
Holding library MAIN
090 ## - LOCALLY ASSIGNED LC-TYPE CALL NUMBER (OCLC); LOCAL CALL NUMBER (RLIN)
Classification number (OCLC) (R) ; Classification number, CALL (RLIN) (NR) HN783.Z9
Local cutter number (OCLC) ; Book number/undivided call number, CALL (RLIN) BOU.
100 1# - MAIN ENTRY--PERSONAL NAME
Personal name Bouziane, Mustapha.
245 10 - TITLE STATEMENT
Title Agrarian revolution :
Remainder of title the socialist villages /
Statement of responsibility, etc. [text, Mustapha Bouziane ; pictures, Ministry of Information and Culture, Popular Work-Yards of the Agrarian Revolution, Abdelkader Bouziane].
260 ## - PUBLICATION, DISTRIBUTION, ETC.
Place of publication, distribution, etc. Algiers :
Name of publisher, distributor, etc. The Ministry,
Date of publication, distribution, etc. 1976.
300 ## - PHYSICAL DESCRIPTION
Extent 72 p. :
Other physical details ill. ;
Dimensions 25 cm.
440 ## - SERIES STATEMENT/ADDED ENTRY--TITLE
Title Collection "Figures of Algeria"
650 #0 - SUBJECT ADDED ENTRY--TOPICAL TERM
Topical term or geographic name entry element Rural development
Geographic subdivision Algeria.
650 #0 - SUBJECT ADDED ENTRY--TOPICAL TERM
Topical term or geographic name entry element Socialism
Geographic subdivision Algeria.
650 #0 - SUBJECT ADDED ENTRY--TOPICAL TERM
Topical term or geographic name entry element Villages
Geographic subdivision Algeria.
907 ## - LOCAL DATA ELEMENT G, LDG (RLIN)
a .b10191057
b 12-02-13
c 08-02-06
942 ## - ADDED ENTRY ELEMENTS (KOHA)
Koha item type Ordinary Loan Books
Call number prefix HN783.Z9
Call number suffix BOU.
Holdings
Date last seen Total Checkouts Full call number Barcode Cost, replacement price Price effective from Koha item type Lost status Source of classification or shelving scheme Damaged status Not for loan Collection Withdrawn status Home library Current library Shelving location Date acquired Cost, normal purchase price
01/20/2023   HN783.Z9 BOU 92004003117 80.00 01/20/2023 BOOKS   LCC     NFIC   FOBE FOBE GEN 01/20/2023 80.00
01/20/2023   HN783.Z9 BOU 92004003094 80.00 01/20/2023 BOOKS   LCC     NFIC   FOBE FOBE GEN 01/20/2023 80.00
01/20/2023   HN783.Z9 BOU 92004003093 80.00 01/20/2023 BOOKS   LCC     NFIC   FOBE FOBE GEN 01/20/2023 80.00
01/20/2023   HN783.Z9 BOU 92004003422 80.00 01/20/2023 BOOKS   LCC     NFIC   FOBE FOBE GEN 01/20/2023 80.00
01/20/2023   HN783.Z9 BOU 92004003281 80.00 01/20/2023 BOOKS   LCC     NFIC   FOBE FOBE GEN 01/20/2023 80.00
01/20/2023   HN783.Z9 BOU 92004003123 80.00 01/20/2023 BOOKS   LCC     NFIC   FOBE FOBE GEN 01/20/2023 80.00